[Event "POL-chT3 Dolnoslaskie 1314"]
[Site "Poland"]
[Date "2014.02.16"]
[Round "9.25"]
[White "Jozwik, Grazyna"]
[Black "Wrobel, Michal"]
[Result "0-1"]
[WhiteElo "1569"]
[BlackElo "1649"]
[PlyCount "118"]
[EventDate "2013.10.20"]
[EventType "team-tourn"]
[EventRounds "11"]
[EventCountry "POL"]
[SourceTitle "EXT 2018"]
[Source "ChessBase"]
[SourceDate "2017.10.13"]
[SourceVersion "1"]
[SourceVersionDate "2017.10.13"]
[SourceQuality "1"]
[WhiteTeam "Goliszow LZS Mewa"]
[BlackTeam "Wroclaw MUKS MDK Srodmiescie"]
[WhiteTeamCountry "POL"]
[BlackTeamCountry "POL"]

1. e4 e6 2. d4 d5 3. exd5 exd5 4. Bd3 Nc6 5. Ne2 Bd6 6. c3 Nge7 7. Bf4 Bf5 8. Qc2 Bxd3 9. Qxd3 Bxf4 10. Nxf4 Qd6 11. Ne2 0-0-0 12. Nd2 f6 13. 0-0-0 Kb8 14. g3 Na5 15. Kb1 b6 16. Rhe1 Ng6 17. f4 Rhe8 18. f5 Nf8 19. Nf4 Qd7 20. g4 Qf7 21. Nf3 Nc4 22. b3 Nd6 23. Rxe8 Rxe8 24. Re1 Re4 25. Qd2 g5 26. fxg6 Nxg6 27. Rxe4 dxe4 28. Ng1 f5 29. Nxg6 Qxg6 30. g5 e3 31. Qd3 Qxg5 32. Nf3 Qf4 33. Qe2 Qe4+ 34. Kc1 f4 35. Ne1 Nf7 36. Qf3 Ng5 37. Qxe4 Nxe4 38. c4 Ng5 39. Ng2 Nh3 40. Kd1 Kc8 41. b4 Kd7 42. Ke2 Ke6 43. Kf3 Kf5 44. Nh4+ Kg5 45. Ng2 Ng1+ 46. Ke4 e2 47. Ne1 f3 48. Ke3 Kg4 49. Nd3 Kf5 50. a4 a6 51. c5 bxc5 52. dxc5 Ke6 53. b5 axb5 54. axb5 Kd5 55. Kf2 Ke4 56. Nc1 Nh3+ 57. Ke1 Ke3 58. Nxe2 fxe2 59. b6 Ng1 0-1